| 000 | 00687nam a2200193Ia 4500 | ||
|---|---|---|---|
| 003 | LDD | ||
| 008 | 190117s9999 xx 000 0 und d | ||
| 020 |
_a818512731x _c₹60 |
||
| 040 | _cLDD | ||
| 041 | _ahi | ||
| 082 | _a8H3.7 शु1166अ | ||
| 100 | _aशुक्ल, ध्रव | ||
| 245 | 0 |
_aअमर टाकीज़ _cध्रव शुक्ल |
|
| 260 |
_aबीकानेर _bाग्देवी प्रकाशन 1 _c1991 |
||
| 300 | _a140पृ. | ||
| 901 | _aANI | ||
| 904 | _aReqst by : Parakh, Jawarimal (Dr.) | ||
| 942 |
_2ddc _cH |
||
| 999 |
_c171844 _d171844 |
||